00481nam a2200193Ia 4500008004100000020001400041050001400055100001900069245002500088245004800113260001500161260001600176260000900192300001400201300002700215300001000242440002700252500000800279170918s9999 xx 000 0 und d a439319447 bM168 2002 aMcMullan, Kate aFluffy's lucky day / cKate McMullan ; illustrated by Mavis Smith. aNew York : bScholastic, c2002 aunpaged : bcolored illustration ; c23cm. aHello reader! Level 3. a160